| 000 | 00395nam a22001697a 4500 | ||
|---|---|---|---|
| 005 | 20160502172225.0 | ||
| 008 | 160502b xxu||||| |||| 00| 0 eng d | ||
| 020 | _a81-7929100-6 | ||
| 041 | _aeng | ||
| 082 | _b1117 | ||
| 100 |
_aWilliams Gerry. _9367 |
||
| 245 | _aResolving issues. | ||
| 260 |
_aNew Delhi _bInfinity books, _c2005 |
||
| 300 | _a117 | ||
| 650 |
_aManagement _9241 |
||
| 942 | _cBK | ||
| 999 |
_c427 _d427 |
||